|
|
|
|
| LEADER |
00000nab a2200000 a 4500 |
| 001 |
vtls000071617 |
| 003 |
SK-MaSNL |
| 005 |
20260426063311.0 |
| 008 |
111103c1980 xo 0 slo |
| 015 |
|
|
|a SNBRB19rr/mm-uuuuu
|
| 035 |
|
|
|a CL0081718
|
| 040 |
|
|
|a SNKBUCL
|b slo
|c SNKBUCL
|e AACR2
|
| 041 |
0 |
|
|a slo
|
| 044 |
|
|
|a xo
|c SK
|
| 080 |
|
|
|a 792.8
|2 1981
|
| 100 |
1 |
|
|a Žilák, Ján,
|d 1928-2009
|4 aut
|9 133929
|
| 245 |
1 |
0 |
|a Vrcholné majstrovstvo baletu
|b Po vystúpení Štátneho akademického divadla S. M. Kirova z Leningradu
|c Ján Žilák
|
| 610 |
2 |
7 |
|a Leningradskij gosudarstvennyj akademičeskij teatr opery i baleta imeni S. M. Kirova
|2 snkbucl
|9 250519
|
| 648 |
|
7 |
|a 1980
|2 snkbucl
|9 279231
|
| 650 |
0 |
7 |
|a balet
|2 snkbucl
|9 3337
|
| 651 |
|
7 |
|a Bratislava (Slovensko)
|2 snkbucl
|9 14568
|
| 655 |
|
7 |
|a články z novín a časopisov
|2 snkbucl
|9 267496
|
| 773 |
0 |
|
|t Ľud
|g Roč. 33, č. 283 (23. 11. 1980), s. 4
|
| 850 |
|
|
|a Slovenská národná knižnica v Martine
|a MTA001
|
| 852 |
|
|
|a SNK
|b KIS3GCP
|
| 958 |
|
|
|a RK
|
| 958 |
|
|
|a SK
|
| 992 |
|
|
|a RBX
|
| 999 |
|
|
|c 2554607
|d 2556537
|